000 01038cam a2200361 a 4500
001 3980
003 FISKH
005 20250115114629.0
008 970811s1998 nyua b 000 0 eng
010 _a 97036342
020 _a0789429608
020 _a9780756675899
040 _aDLC
_cDLC
_dDLC
_beng
042 _alcac
050 0 0 _aTH9148
_b.R75 1998
082 0 0 _a628.9/25
_221
100 1 _aRoyston, Angela,
_d1945-
245 1 0 _aFire fighter! /
_cwritten by Angela Royston.
260 _aNew York :
_bDK,
_c1998.
300 _a32 pages :
_bcolor illustrations ;
_c23 cm
440 0 _aEyewitness readers.
_nLevel 2
505 _aJ
520 _aDescribes a day in the life of a fire fighter.
521 _a500
_bLexile
521 _aJ
_bRaz-Plus
650 0 _aFire extinction
_vJuvenile literature.
650 0 _aFire fighters
_vJuvenile literature.
650 1 _aFire extinction.
650 1 _aFire fighters.
906 _a7
_bcbc
_corignew
_d1
_eocip
_f19
_gy-gencatlg
942 _2ddc
_cBK
_n0
999 _c3980
_d3980